000 nam a22 7a 4500
999 _c9202
_d9202
008 180124b ||||| |||| 00| 0 eng d
100 _aDaniel Vitkus
_95460
245 _aOthello william Shakespeare
260 _c2007